[Event "Titled Tuesday intern op 27th Apr"]
[Site "Chess.com INT"]
[Date "2021.04.27"]
[Round "1"]
[White "Atakhan, Abtin"]
[Black "Buraczewski, Rafal"]
[Result "1-0"]
[WhiteElo "2294"]
[BlackElo "2147"]
[PlyCount "65"]
[EventDate "2021.04.27"]
[EventType "swiss (blitz)"]
[EventRounds "11"]
[EventCountry "USA"]
[SourceTitle "CBM 202 Extra"]
[Source "ChessBase"]
[SourceDate "2021.07.31"]
[SourceVersion "1"]
[SourceVersionDate "2021.07.31"]
[SourceQuality "1"]

1. d4 c5 2. d5 Nf6 3. Nc3 g6 4. e4 d6 5. Bd3 Bg7 6. Nge2 0-0 7. 0-0 a6 8. a4 Nbd7 9. f4 Rb8 10. h3 Qc7 11. Ng3 c4 12. Be2 b5 13. axb5 axb5 14. Be3 b4 15. Ra7 Rb7 16. Nb5 Qb8 17. Rxb7 Bxb7 18. Bxc4 Ba6 19. Qe2 Nb6 20. Bd3 Rc8 21. Nd4 Nc4 22. Nc6 Rxc6 23. dxc6 Nxe3 24. Qxe3 Bxd3 25. cxd3 Ne8 26. d4 Nc7 27. Rc1 Qb6 28. Ne2 e5 29. fxe5 dxe5 30. Kh1 exd4 31. Qd3 Bh6 32. Rc4 Be3 33. Nxd4 1-0

[Event "Titled Tuesday intern op 27th Apr"]
[Site "Chess.com INT"]
[Date "2021.04.27"]
[Round "9"]
[White "Buraczewski, Rafal"]
[Black "Sikorova, Olga"]
[Result "1-0"]
[WhiteElo "2147"]
[BlackElo "2215"]
[PlyCount "53"]
[EventDate "2021.04.27"]
[EventType "swiss (blitz)"]
[EventRounds "11"]
[EventCountry "USA"]
[SourceTitle "CBM 202 Extra"]
[Source "ChessBase"]
[SourceDate "2021.07.31"]
[SourceVersion "1"]
[SourceVersionDate "2021.07.31"]
[SourceQuality "1"]

1. d4 Nf6 2. c4 g6 3. Nc3 Bg7 4. Bg5 0-0 5. Nf3 c5 6. e3 cxd4 7. Nxd4 Nc6 8. Be2 Qa5 9. Bxf6 Bxf6 10. 0-0 d6 11. Bf3 Bd7 12. Nd5 Bxd4 13. exd4 Qd8 14. a3 e6 15. Nc3 Rb8 16. b4 Qf6 17. Nb5 a6 18. Bxc6 Bxc6 19. Nxd6 Qg5 20. f3 h5 21. Ne4 Bxe4 22. fxe4 Qe3+ 23. Kh1 Qxe4 24. Qd2 Rbc8 25. c5 Rcd8 26. Rad1 Rd5 27. Rf4 1-0

[Event "Titled Tuesday intern op 09th Feb"]
[Site "Chess.com INT"]
[Date "2021.02.09"]
[Round "1"]
[White "Buraczewski, Rafal"]
[Black "Perrine, Dalton"]
[Result "0-1"]
[WhiteElo "2147"]
[BlackElo "2247"]
[PlyCount "144"]
[EventDate "2021.02.09"]
[EventType "swiss (blitz)"]
[EventRounds "11"]
[EventCountry "USA"]
[SourceTitle "EXT 2022"]
[Source "ChessBase"]
[SourceDate "2021.10.06"]
[SourceVersion "1"]
[SourceVersionDate "2021.10.06"]
[SourceQuality "1"]

1. d4 Nf6 2. c4 c5 3. d5 b5 4. Qc2 bxc4 5. e4 e6 6. Bxc4 exd5 7. exd5 d6 8. Nc3 Nbd7 9. Nf3 Nb6 10. Bb5+ Bd7 11. 0-0 Bxb5 12. Re1+ Be7 13. Nxb5 0-0 14. Bg5 a6 15. Nc3 Nfxd5 16. Nxd5 Nxd5 17. Qe4 Bxg5 18. Qxd5 Bf6 19. Re2 Rb8 20. Rd1 Rxb2 21. Rxb2 Bxb2 22. Qxd6 Qxd6 23. Rxd6 Rc8 24. Rxa6 c4 25. Ne1 g6 26. Kf1 c3 27. Nc2 Rd8 28. Rc6 Rd1+ 29. Ne1 Ra1 30. Ke2 Rxa2 31. Kd3 Ra8 32. Nc2 Rd8+ 33. Ke3 Bc1+ 34. Kf3 Bb2 35. Ne3 Rd2 36. g4 h6 37. h4 Kg7 38. g5 hxg5 39. hxg5 Rd4 40. Kg3 Re4 41. Kf3 Rd4 42. Kg3 Rd7 43. Kf3 Rd2 44. Kg3 Rd8 45. Kf3 Ra8 46. Kg3 Ra4 47. Nd5 Ra5 48. Nxc3 Rxg5+ 49. Kf3 Rf5+ 50. Kg3 Bc1 51. Ne2 Bg5 52. f4 Bf6 53. Kf3 Ra5 54. Rd6 Ra3+ 55. Kg4 Ra4 56. Ng3 Be5 57. Rd3 Rxf4+ 58. Kh3 Ra4 59. Kg2 Bxg3 60. Kxg3 f5 61. Rd6 Re4 62. Rb6 Kh6 63. Kh3 Kg5 64. Kg3 Re3+ 65. Kf2 f4 66. Rb4 Kg4 67. Kg2 g5 68. Ra4 Rb3 69. Rc4 Rb2+ 70. Kf1 Kg3 71. Rc3+ f3 72. Rc5 Rb1+ 0-1

[Event "Titled Tuesday intern op 09th Feb"]
[Site "Chess.com INT"]
[Date "2021.02.09"]
[Round "2"]
[White "Buraczewski, Rafal"]
[Black "Vusatiuk, Vladimir"]
[Result "1-0"]
[WhiteElo "2147"]
[BlackElo "2323"]
[PlyCount "157"]
[EventDate "2021.02.09"]
[EventType "swiss (blitz)"]
[EventRounds "11"]
[EventCountry "USA"]
[SourceTitle "EXT 2022"]
[Source "ChessBase"]
[SourceDate "2021.10.06"]
[SourceVersion "1"]
[SourceVersionDate "2021.10.06"]
[SourceQuality "1"]

1. d4 e5 2. dxe5 Nc6 3. Nf3 Qe7 4. Nc3 Nxe5 5. Nxe5 Qxe5 6. e4 Bb4 7. Qd3 Nf6 8. f3 d5 9. Bd2 dxe4 10. Nxe4 Nxe4 11. Qb5+ Qxb5 12. Bxb5+ c6 13. Bxb4 cxb5 14. fxe4 a5 15. Bc5 Bg4 16. h3 Bh5 17. 0-0 0-0-0 18. Bb6 Rd2 19. Bxa5 Rxc2 20. Rac1 Rxc1 21. Rxc1+ Kb8 22. Rc5 Bg6 23. Bc7+ Kc8 24. e5 Kd7 25. Bd6 Be4 26. Rc7+ Ke6 27. Re7+ Kd5 28. Rxf7 g6 29. Rxb7 Bd3 30. b3 Ra8 31. a3 h5 32. Re7 Bc2 33. Rb7 Kc6 34. Rc7+ Kd5 35. Rxc2 Re8 36. Re2 Ke6 37. Bb4 Rc8 38. a4 bxa4 39. bxa4 Rc4 40. Rb2 Kxe5 41. a5 Rc6 42. Be1 Ke4 43. Rb6 Rc1 44. Kf1 g5 45. a6 Ra1 46. Re6+ Kf4 47. Kf2 g4 48. hxg4 hxg4 49. Kg1 g3 50. Rf6+ Kg5 51. Re6 Kf5 52. Re2 Rxa6 53. Bxg3 Kg4 54. Be1 Ra1 55. Kf2 Ra3 56. Re3 Ra2+ 57. Re2 Ra1 58. Rb2 Ra3 59. Rb4+ Kf5 60. Bd2 Ra2 61. Ke2 Ra3 62. Be3 Ra2+ 63. Kf3 Ra5 64. g4+ Kg6 65. Kf4 Ra6 66. Bd4 Kf7 67. Rb6 Ra2 68. Kg5 Rd2 69. Be5 Rd5 70. Kf5 Rd1 71. Rb7+ Kg8 72. g5 Rf1+ 73. Kg6 Rf8 74. Rb8 Rxb8 75. Bxb8 Kh8 76. Kf6 Kh7 77. g6+ Kg8 78. Be5 Kh8 79. Kf7# 1-0

[Event "POL-chT Academic"]
[Site "Katowice"]
[Date "2020.11.14"]
[Round "1.20"]
[White "Buraczewski, Rafal"]
[Black "Jozkow, Kacper"]
[Result "1-0"]
[WhiteElo "2147"]
[BlackElo "1644"]
[PlyCount "73"]
[EventDate "2020.11.14"]
[EventType "team-swiss (rapid)"]
[EventRounds "9"]
[EventCountry "POL"]
[SourceTitle "CBM 199 Extra"]
[Source "ChessBase"]
[SourceDate "2021.01.31"]
[SourceVersion "1"]
[SourceVersionDate "2021.01.31"]
[SourceQuality "1"]
[WhiteTeam "Gdansk Univ"]
[BlackTeam "Lodz Univ Medyczny"]
[WhiteTeamCountry "POL"]
[BlackTeamCountry "POL"]

1. Nf3 d5 2. d4 c5 3. e3 Bg4 4. c4 e6 5. cxd5 exd5 6. Qa4+ Bd7 7. Qb3 Bc6 8. Ne5 Qc7 9. Nxc6 bxc6 10. dxc5 Bxc5 11. Qc3 Bf8 12. Bd3 Nf6 13. 0-0 Bd6 14. h3 0-0 15. Nd2 Nbd7 16. Nf3 Ne5 17. Nxe5 Bxe5 18. Qc2 Rab8 19. Rb1 h6 20. b3 Rfe8 21. Bb2 Bxb2 22. Qxb2 Nd7 23. Rbc1 g6 24. Qd4 Qb7 25. e4 Rbd8 26. exd5 Ne5 27. d6 Nxd3 28. Qxd3 Re6 29. Rfd1 Qd7 30. Qc3 Rc8 31. Qc5 Re2 32. Rc2 Rxc2 33. Qxc2 c5 34. Qd2 h5 35. Qf4 Rc6 36. Qf6 a5 37. Qe7 1-0

[Event "Suwalki Warakomska Memorial-A op"]
[Site "Suwalki"]
[Date "2018.08.03"]
[Round "4"]
[White "Lisowski, Krzysztof"]
[Black "Buraczewski, Rafal"]
[Result "1-0"]
[WhiteElo "2072"]
[BlackElo "2221"]
[PlyCount "85"]
[EventDate "2018.08.01"]
[EventType "swiss"]
[EventRounds "9"]
[EventCountry "POL"]
[SourceTitle "CBM 185 Extra"]
[Source "ChessBase"]
[SourceDate "2018.07.29"]
[SourceVersion "1"]
[SourceVersionDate "2018.07.29"]
[SourceQuality "1"]

1. e4 c6 2. d4 g6 3. f4 d5 4. e5 h5 5. Be2 Nh6 6. Nf3 Bg4 7. 0-0 e6 8. Qd3 Nf5 9. b3 Qb6 10. Bb2 Bxf3 11. Bxf3 c5 12. c4 dxc4 13. Qxc4 Nd7 14. Rc1 Nxd4 15. Bxd4 cxd4 16. Nd2 Ba3 17. Rd1 Be7 18. Ne4 0-0 19. Qxd4 Nc5 20. Nd6 Bxd6 21. exd6 a5 22. Rac1 Rac8 23. Rc4 Nd7 24. Qxb6 Nxb6 25. Rxc8 Rxc8 26. Bxb7 Rd8 27. Kf2 Kf8 28. Ke3 Rb8 29. Bc6 Rc8 30. Bb7 Rb8 31. Bc6 Rc8 32. d7 Rd8 33. Kd4 Nxd7 34. Ke3 Ke7 35. Bxd7 Rxd7 36. Rxd7+ Kxd7 37. Kd4 Kd6 38. h4 f6 39. a3 Kc6 40. Kc4 Kb6 41. a4 Kc6 42. b4 axb4 43. Kxb4 1-0

[Event "POL-ch Academic"]
[Site "Katowice"]
[Date "2018.02.02"]
[Round "5"]
[White "Buraczewski, Rafal"]
[Black "Lewtak, Damian"]
[Result "0-1"]
[WhiteElo "2221"]
[BlackElo "2387"]
[PlyCount "86"]
[EventDate "2018.02.02"]
[EventType "swiss (rapid)"]
[EventRounds "9"]
[EventCountry "POL"]
[SourceTitle "CBM 182 Extra"]
[Source "ChessBase"]
[SourceDate "2018.02.23"]
[SourceVersion "1"]
[SourceVersionDate "2018.02.23"]
[SourceQuality "1"]

1. Nf3 d5 2. d4 c6 3. e3 Nf6 4. c4 Bf5 5. Nc3 a6 6. a4 h6 7. Qb3 Ra7 8. cxd5 cxd5 9. Bd2 e6 10. Rc1 Bd6 11. Be2 0-0 12. h3 Ne4 13. Nxe4 Bxe4 14. 0-0 Nc6 15. Bc3 f6 16. Qd1 Qe7 17. Bd3 f5 18. Ne5 Bxe5 19. dxe5 Bxd3 20. Qxd3 f4 21. Bd4 Raa8 22. Bc5 Nxe5 23. Qc3 Qg5 24. Bxf8 f3 25. g3 Rxf8 26. Qd4 Nc6 27. Qb6 Rf7 28. b4 Qf5 29. Kh2 Kh7 30. Rxc6 bxc6 31. Qxc6 Qd3 32. Kg1 Rf6 33. b5 e5 34. Qc5 axb5 35. axb5 Rg6 36. b6 Qe2 37. g4 h5 38. Qxd5 hxg4 39. h4 g3 40. h5 gxf2+ 41. Kh2 Rg2+ 42. Kh3 Qxf1 43. Qe4+ Rg6+ 0-1